00305nam a2200097Ia 4500008004100000100001900041245004000060245002600100260000900126856007200135160531s9999 xx 000 0 und d aCeresa, Brian. aMolecular Regulation of Endocytosis cby Brian Ceresa (ed.) c2012 uhttp://www.intechopen.com/books/molecular-regulation-of-endocytosis